<?xml version="1.0" encoding="UTF-8"?>
<marc:record xmlns:marc="http://www.loc.gov/MARC21/slim">
   <marc:leader>00000nam a2200000 a 4500</marc:leader>
   <marc:datafield ind1=" " ind2=" " tag="653">
      <marc:subfield code="a">Lüneburger Heide / Wanderführer</marc:subfield>
   </marc:datafield>
   <marc:datafield ind1=" " ind2=" " tag="653">
      <marc:subfield code="a">Deutschland / Radführer</marc:subfield>
   </marc:datafield>
   <marc:datafield ind1="0" ind2="0" tag="245">
      <marc:subfield code="a">Flussradwege Lüneburger Heide</marc:subfield>
   </marc:datafield>
   <marc:datafield ind1="0" ind2="0" tag="245">
      <marc:subfield code="b">Ilmenau, Luhe, Seeve, Wümme : ein original bikeline-Radtourenbuch</marc:subfield>
   </marc:datafield>
   <marc:datafield ind1=" " ind2="1" tag="264">
      <marc:subfield code="a">Rodingersdorf</marc:subfield>
      <marc:subfield code="b">Verlag Esterbauer</marc:subfield>
      <marc:subfield code="c">2019</marc:subfield>
   </marc:datafield>
   <marc:datafield ind1="1" ind2=" " tag="490">
      <marc:subfield code="a">bikeline</marc:subfield>
   </marc:datafield>
   <marc:datafield ind1=" " ind2=" " tag="250">
      <marc:subfield code="a">1. Auflage</marc:subfield>
   </marc:datafield>
   <marc:datafield ind1="1" ind2=" " tag="520">
      <marc:subfield code="a">Entlang ihrer Flüsse lässt sich die Heide zu jeder Jahreszeit auf wunderbar entspannte Art erradeln. Am intensivsten ist das Erlebnis in der dünn besiedelten Region jedoch zur violettfarbenen Blüte der Besenheide im Spätsommer, wenn das Blütenmeer nur durch Wacholderbüsche und Heidschnuckenherden durchbrochen wird. Die reizvollen Heidedörfer, historisch gewachsene Städte wie Lüneburg, Uelzen und Winsen (Luhe) sowie regionales Brauchtum und lokale Köstlichkeiten runden das Naturerlebnis mit einer mannigfaltigen Portion Kultur ab.</marc:subfield>
   </marc:datafield>
   <marc:datafield ind1=" " ind2=" " tag="020">
      <marc:subfield code="a">9783850007528</marc:subfield>
      <marc:subfield code="9">9783850007528</marc:subfield>
   </marc:datafield>
   <marc:datafield ind1=" " ind2=" " tag="020">
      <marc:subfield code="a">3850007529</marc:subfield>
      <marc:subfield code="9">3850007529</marc:subfield>
   </marc:datafield>
   <marc:datafield ind1=" " ind2=" " tag="041">
      <marc:subfield code="a">ger</marc:subfield>
   </marc:datafield>
   <marc:datafield ind1=" " ind2=" " tag="300">
      <marc:subfield code="b">Illustrationen</marc:subfield>
   </marc:datafield>
   <marc:datafield ind1=" " ind2=" " tag="338">
      <marc:subfield code="a">Band</marc:subfield>
   </marc:datafield>
   <marc:datafield ind1=" " ind2=" " tag="300">
      <marc:subfield code="a">160 Seiten</marc:subfield>
   </marc:datafield>
</marc:record>
